banner-ar

المكتبات فى فرنسا وادارة خدمات المعلومات / (Record no. 47963)

MARC details
000 -الفاتح
حقل البيانات ثابتة الطول 00730nam a2200205Ia 4500
008 - عناصر البيانات ثابتة الطول - معلومات عامة
حقل البيانات ثابتة الطول 140319s9999 xx 000 0 ara d
040 ## - مصدر الفهرسة
وكالة الفهرسة الأصلية GCL /
وكالة النسخ GCL
082 04 - رقم تصنيف ديوى العشرى
رقم التصنيف 027.544
رقم المادة ا م
100 1# - المدخل الرئيسى - إسم شخصى
الإسم الشخصى امنية مصطفى صادق
245 10 - بيان العنوان
العنوان المكتبات فى فرنسا وادارة خدمات المعلومات /
بيان المسئوليه,etc امنية مصطفى صادق
300 ## - الوصف المادى
التعداد 119 ص
490 ## - بيان السلسلة
عنوان السلسلة الهيئة العامة للاستعلامات
رقم المجلد/ التعيين التسلسلي 0
650 04 - المدخل الاضافى بالموضوع-مصطلح موضوعى
مصطلح موضوعي خدمات المعلومات
650 04 - المدخل الاضافى بالموضوع-مصطلح موضوعى
مصطلح موضوعي المكتبات - فرنسا
650 04 - المدخل الاضافى بالموضوع-مصطلح موضوعى
مصطلح موضوعي المكتبات العامة - فرنسا
650 04 - المدخل الاضافى بالموضوع-مصطلح موضوعى
مصطلح موضوعي المكتبات - تخطيط
650 04 - المدخل الاضافى بالموضوع-مصطلح موضوعى
مصطلح موضوعي المكتبات القومية - فرنسا
942 ## - عناصر المدخل الإضافي( كوها)
مصدر التصنيف او مخطط الترفيف Dewey Decimal Classification
Koha [default] item type كتاب
Holdings
حالة التراجع حالة الفقد حالة تلف ليس للاعارة المكان المؤقت الموقع الحالى تاريخ الاكتساب اجمالي اﻻعارات رقم الطلب الباركود تاريخ اخر مشاهدة تاريخ تفعيل السعر نوع وعاء كوها
        مكتبة القاهرة الكبرى مكتبة القاهرة الكبرى 03/26/2014   027.544\ا م 115687 03/26/2014 03/26/2014 كتاب

Powered By

EGPV